00486 2200181 4500001002100000005001500021008004100036020002200077035001900099041000700118082001100125090001700136100001800153245002600171260004200197300003500239650003000274INLIS00000000000474320241224112953241224||||||||| | ||| |||| || |  a978-979-709-410-2 0010-1224004743 aid0 a617.63 a617.63 DON g0 aDonna Pratiwi00aGigi Sehat Dan Cantik aJakartabKompas Media Nusantarac2009 aviii, 152 hlm. : ilus. ; 21 cm 0akesehatan -- Ilmu Terapan